000 00682nam a2200241Ia 4500
003 OSt
005 20220926012412.0
006 a|||||r|||| 00| 0
007 ta
008 220923b |||||||| |||| 00| 0 eng d
020 _a0231051220
037 _cGeneral Book
040 _aRTL
_cRTL
_beng
041 _2eng
_aeng
082 _aYxN01L:g, M2
100 _aKendall Patricia L Ed.
_9316366
245 0 _aVaried sociology of Paul F Lazarsfeld.
260 _aNew York
_bColumbia Press
_c1982
300 _axiii,417p
_ccm.
500 _aBibliography : P 389-408
942 _hYxN01L:g, M2
_cGB
_2CC
999 _c622789
_d622789